Tiempo de pícaros : antología /

Guardado en:
Autor Principal: Roldán, Gustavo
Otros Autores: Fortín, Raúl; il., Devetach, Laura; il., Marín; il., Colombres, Adolfo, Holgado, Myriam; il., De Lorenzi, Miguel; il.
Formato: Libro
Publicado: Buenos Aires : Colihue, 2015
Materias:
Etiquetas: Agregar Etiqueta
Sin Etiquetas, Sea el primero en etiquetar este registro!
LEADER 01301nam a22003015a 4500
001 CEM.cems015215
005 20191022153341.0
008 130507s2015##################000#0#####d
003 CEMS
020 |a 9789877480023 
082 0 4 |a A868.4 
100 1 |a Roldán, Gustavo 
245 1 0 |a Tiempo de pícaros :  |b antología /  |c Gustavo Roldán ... y Otros 
260 |a Buenos Aires :  |b Colihue,  |c 2015 
300 |a 96 p. 
505 0 |a Tiempo de pícaros -- Historia de Pajarito Remendado -- El chivo del cebollar -- ¿Y si la seguimos? -- ¿Quién se sentó sobre mi dedo? -- Las tres muertes del conejo -- ¿Y si la seguimos? -- El zorro que cayó en la luna -- ¿Y si la seguimos? -- Zorro y medio -- La nueva ley -- ¿Y si la seguimos? -- Pedro Urdemales y el árbol de plata -- Los tres viajeros -- ¿Y si la seguimos? -- Ensalada de cuentos 
653 |a Literatura 
653 |a Literatura argentina 
653 |a Literatura infantil 
653 |a Cuentos infantiles 
653 |a Colección ciencias de la educación 
700 1 |a Fortín, Raúl; il. 
700 1 |a Devetach, Laura; il. 
700 1 |a Marín; il. 
700 1 |a Colombres, Adolfo 
700 1 |a Holgado, Myriam; il. 
700 1 |a De Lorenzi, Miguel; il. 
859 |a CEMS  |b BIB. CEMS - Ccias. Educacion  |h A868.4  |i R643-4  |k CE  |p 28396.19  |t Ej.1